000
00287nam a22001337a 4500
008
171012b xxu||||| |||| 00| 0 eng d
020
_a
9780809237814
041
_a
eng
080
_a
316
100
_a
50
101
_a
soc
245
_a
GED SOCIAL STUDIES
_c
BOLT.C
942
_2
udc
_c
BK
999
_c
33411
_d
33411